| 000 | 02808nam a22002417a 4500 | ||
|---|---|---|---|
| 003 | NALT | ||
| 005 | 20241111090256.0 | ||
| 008 | 241104b th ||||| |||| 00| 0 tha d | ||
| 020 | _a9786169058571 | ||
| 040 | _aNALT | ||
| 090 |
_aAZ 370.T56 _bศ266ศ 2556 |
||
| 110 | 2 |
_aคณะกรรมการอำนวยการจัดงานเฉลิมฉลองวาระ 150 ปี พระราชสมภพ สมเด็จพระศรีสวรินทิรา บรมราชเทวี พระพันวัสสาอัยยิกาเจ้า _965094 |
|
| 245 | 0 | 0 |
_aศรีสวรินทิราบรมฉายาลักษณ์ / _cคณะกรรมการอำนวยการจัดงานเฉลิมฉลองวาระ 150 ปี พระราชสมภพ สมเด็จพระศรีสวรินทิรา บรมราชเทวี พระพันวัสสาอัยยิกาเจ้า. |
| 260 |
_aกรุงเทพฯ : _bอมรินทร์พริ้นติ้งแอนด์พับลิชชิ่ง, _c2547. |
||
| 300 |
_a302 หน้า : _bภาพประกอบ ; _c30 ซม. |
||
| 505 | 2 | _aศรีสวรินทิราบรมฉายาลักษณ์ -- รัชสมัยพระบาทสมเด็จพระจอมเกล้าเจ้าอยู่หัว -- พ.ศ. 2405-2411 -- รัชสมัยพระบาทสมเด็จพระจุลจอมเกล้าเจ้าอยู่หัว -- พ.ศ. 2411-2437 -- พ.ศ. 2438-2453 -- รัชสมัยพระบาทสมเด็จพระมงกุฎเกล้าเจ้าอยู่หัว -- พ.ศ. 2453-2468 -- รัชสมัยพระบาทสมเด็จพระปกเกล้าเจ้าอยู่หัว -- พ.ศ. 2468-2477 -- รัชสมัยพระบาทสมเด็จพระเจ้าอยู่หัวอานันทมหิดล -- พ.ศ. 2477-2489 -- รัชสมัยพระบาทสมเด็จพระเจ้าอยู่หัวภูมิพลอดุลยเดช -- พ.ศ. 2489-2498. | |
| 600 | 0 | 4 |
_aศรีสวรินทิราบรมราชเทวี, _cสมเด็จพระ, _d2405-2498 _930083 |
| 600 | 0 | 4 |
_aศรีสวรินทิราบรมราชเทวี พระพันวัสสาอัยยิกา _cเจ้าสมเด็จพระ 2405-2498 _965112 |
| 942 |
_cREF _2local |
||
| 996 |
_apitikan.s _bCATSTF _c2024-11-04 |
||
| 996 |
_asaiphon.d _bCATSTF _c2024-11-08 |
||
| 999 |
_c106078 _d106078 |
||
| 998 |
_j104 _k นางสาวสายฝน ดีงาม |
||